Normal view
MARC view
- SYNTHETIC APERTURE RADAR. SIGNAL PROCESSING-DIGITAL TECHNIQUES
Entry Topical Term
001 - CONTROL NUMBER
- control field: 59260
003 - CONTROL NUMBER IDENTIFIER
- control field: NUST
005 - DATE AND TIME OF LATEST TRANSACTION
- control field: 20210628202315.0
008 - FIXED-LENGTH DATA ELEMENTS
- fixed length control field: 210628|| aca||aabn | a|a d
040 ## - CATALOGING SOURCE
- Original cataloging agency: NUST
- Transcribing agency: NUST
150 ## - HEADING--TOPICAL TERM
- Topical term or geographic name entry element: SYNTHETIC APERTURE RADAR. SIGNAL PROCESSING-DIGITAL TECHNIQUES
670 ## - SOURCE DATA FOUND
- Source citation: Work cat.: (NUST): Cumming , Ian .G ,Wong , Frank .H 59259, Digital processing of synthetic aperture radar data ,algoritims and implementation, 2005
